| 000 | 00766nam a2200253Ia 4500 | ||
|---|---|---|---|
| 999 |
_c7290 _d7290 |
||
| 001 | 20970 | ||
| 003 | GBCCL | ||
| 005 | 20241126110624.0 | ||
| 008 | 831103s1964 ilu 000 0 eng d | ||
| 035 | _a(OCoLC)10088371 | ||
| 040 |
_aAJB _cAJB |
||
| 049 | _aLBBK | ||
| 082 |
_a225.07 _bTEA |
||
| 092 |
_a227.7 _bB873 |
||
| 100 | 1 |
_aBrooks, Keith L. _q(Keith Leroy), _d1888-1954. _91660 |
|
| 245 | 1 | 0 |
_aColossians and Philemon : _bthe Epistles of truth and love / _cKeith L. Brooks. |
| 260 |
_aChicago : _bMoody Bible Institute, _c1964. |
||
| 300 |
_a48 p. ; _c23 cm. |
||
| 490 | 0 | _aTeach yourself the Bible series | |
| 500 | _aCover title. | ||
| 630 | 0 | 0 |
_aBible. _pN.T. _pColossians _xStudy. _912921 |
| 630 | 0 | 0 |
_aBible. _pN.T. _pPhilemon _xStudy. _912922 |
| 942 |
_2ddc _cBK |
||